| 000 | 00395 a2200145 4500 | ||
|---|---|---|---|
| 999 |
_c6207 _d6207 |
||
| 020 | _a0198065272 | ||
| 050 | _aTX911.3T73SIN2011 | ||
| 100 | _aSingaravelavan, R | ||
| 245 |
_aFood and Beverage Service / _cR. Singaravelavan |
||
| 264 |
_aOxford _bOxford University Press _c2011 |
||
| 300 | _a677p. | ||
| 500 | _aInclude index | ||
| 650 | _aFood and Beverages | ||
| 942 |
_2lcc _cBK _h911.3T73 _iSIN _kTX |
||